[Event "Auckland North Shore op 42nd"]
[Site "Auckland"]
[Date "2015.09.19"]
[Round "1"]
[White "Lyall, Simon"]
[Black "Vinod, Kumar"]
[Result "1-0"]
[WhiteElo "1772"]
[BlackElo "2015"]
[PlyCount "111"]
[EventDate "2015.09.19"]
[EventType "swiss"]
[EventRounds "5"]
[EventCountry "NZL"]
[SourceTitle "EXT 2016"]
[Source "ChessBase"]
[SourceDate "2015.10.08"]
[SourceVersion "1"]
[SourceVersionDate "2015.10.08"]
[SourceQuality "1"]

1. e4 d5 2. exd5 Nf6 3. d4 Bg4 4. Nf3 Qxd5 5. Nc3 Qf5 6. Bd3 Bxf3 7. Qxf3 Qxf3 8. gxf3 c6 9. Bf4 Nbd7 10. 0-0-0 e6 11. Ne4 Nh5 12. Bc7 Nb6 13. Nd6+ Bxd6 14. Bxd6 0-0-0 15. Bc5 Na4 16. c3 Nxc5 17. dxc5 Rd5 18. b4 Rhd8 19. Be4 Rg5 20. Rdg1 Rxg1+ 21. Rxg1 f5 22. Bc2 g6 23. Bb3 Nf4 24. Kc2 Kc7 25. Re1 Re8 26. Re5 Kd7 27. Kd2 Ke7 28. Kc2 g5 29. Bc4 Rg8 30. Rxf5 Rg6 31. Re5 Kf6 32. Re1 Rh6 33. Rh1 Rh3 34. b5 Rxf3 35. bxc6 bxc6 36. Rf1 h5 37. Ba6 Nd5 38. Bd3 g4 39. a3 Kg5 40. Kd2 e5 41. Be4 Rf8 42. f3 Rd8 43. fxg4 Nf6+ 44. Ke3 Nxe4 45. Rf5+ Kxg4 46. Kxe4 h4 47. Rxe5 Kh3 48. Re6 Kxh2 49. Rxc6 Kg2 50. Rg6+ Kh2 51. c6 h3 52. c7 Rh8 53. Kd5 Kh1 54. Kc6 h2 55. Kb7 a5 56. c8Q 1-0